00322 2200133 4500245004200000020002200042100002100064650001600085005001900101260003100120041001400151084000800165300001500173 aSerpihan HaticRisty NandadityahText a978-602-255-233-8 aRisty Nandaditya aNovel Fiksi a20230116155146 aYogyakartabde Teensc2013 aIndonesia a813 a180 hlm. :